[Event "40th Olympiad Open"]
[Site "Istanbul TUR"]
[Date "2012.09.03"]
[Round "6.3"]
[White "Naiditsch,A"]
[Black "Nakamura,Hi"]
[Result "1/2-1/2"]
[WhiteElo "2712"]
[BlackElo "2778"]

1.e4 g6 2.d4 Bg7 3.Nc3 d6 4.Be3 a6 5.Qd2 b5 6.h4 Nf6 7.f3 Nbd7 8.Nh3 Bb7
9.Nf4 h5 10.O-O-O e5 11.dxe5 Nxe5 12.Nfd5 Bxd5 13.Nxd5 Nxd5 14.Qxd5 O-O 15.Be2 Nd7
16.Kb1 Rb8 17.f4 Nb6 18.Bxb6 Rxb6 19.Qg5 Qe8 20.Bf3 b4 21.Rd5 Rb5 22.Rxb5 axb5
23.g4 hxg4 24.Qxg4 Qe6 25.Qxe6 fxe6 26.Bg4 Rxf4 27.Bxe6+ Kh7 28.Bd7 Rxe4
29.Bxb5 Kh6 30.Bd3 Rg4 31.Be2 Rd4 32.a4 bxa3 33.bxa3 Bf6 34.h5 g5 35.Rg1 Re4
36.Bd1 c5 37.Ka2 c4 38.a4 Bc3 39.Rg4 Rf4 40.Rxf4 gxf4  1/2-1/2

[Event "40th Olympiad Open"]
[Site "Istanbul TUR"]
[Date "2012.09.07"]
[Round "10.1"]
[White "Wang Hao"]
[Black "Nakamura,Hi"]
[Result "1/2-1/2"]
[WhiteElo "2726"]
[BlackElo "2778"]

1.d4 d5 2.Nf3 Nf6 3.c4 c6 4.Nc3 dxc4 5.a4 Bf5 6.Ne5 Nbd7 7.Nxc4 Qc7 8.g3 e5
9.dxe5 Nxe5 10.Bf4 Nfd7 11.Bg2 g5 12.Ne3 gxf4 13.Nxf5 O-O-O 14.Qc2 Kb8 15.gxf4 Nc4
16.e3 Nc5 17.Rd1 Rxd1+ 18.Nxd1 Qa5+ 19.Nc3 Qb6 20.O-O Qxb2 21.Qxb2 Nxb2 22.Rb1 Ncd3
23.Be4 Kc7 24.Kf1 a5 25.Bxd3 Nxd3 26.Ke2 Nc5 27.h4 Ne6 28.Ne4 Nc5 29.Nc3 Ne6
30.Rc1 Bb4 31.Ne4 h6 32.h5 b6 33.Rg1 b5 34.Ra1 bxa4 35.Rxa4 Nf8 36.Nf6 Nd7
37.Nxd7 Kxd7 38.Kd3 c5 39.Kc4 Ke6 40.e4 Rd8 41.f3 Rd1 42.Nxh6 Rd4+ 43.Kb5 Rd3
44.Nf5 Rxf3 45.h6 Bd2 46.Kxc5 Rh3 47.Nd4+ Kd7 48.f5 Rxh6 49.e5 Rh4 50.e6+  1/2-1/2

[Event "40th Olympiad Open"]
[Site "Istanbul TUR"]
[Date "2012.09.09"]
[Round "11.4"]
[White "Wojtaszek,R"]
[Black "Nakamura,Hi"]
[Result "1-0"]
[WhiteElo "2717"]
[BlackElo "2778"]

1.d4 d5 2.c4 dxc4 3.e4 Nf6 4.e5 Nd5 5.Bxc4 Nb6 6.Bd3 Nc6 7.Be3 g6 8.Nc3 Nb4
9.Be4 c6 10.Nf3 N4d5 11.Bd2 Bg7 12.O-O O-O 13.Re1 f6 14.h3 Kh8 15.Nxd5 cxd5
16.Bd3 Nc4 17.Bc3 Na5 18.exf6 exf6 19.Bb4 Rf7 20.Nh4 f5 21.Nf3 Nc6 22.Ba3 Bd7
23.Qb3 Be8 24.Bb5 Rc7 25.Bxc6 Bxc6 26.Re2 Rcc8 27.Re7 Qb6 28.Qe3 Re8 29.Re1 Rxe7
30.Bxe7 Qc7 31.Qg5 Kg8 32.Bf6 Bf8 33.Ne5 Re8 34.Re3 Bg7 35.Bxg7 Kxg7 36.Rg3 Bd7
37.h4 Qd8 38.Qf4 Rf8 39.h5 Be8 40.h6+ Kg8 41.Rc3 Qd6 42.Rc8 Bf7 43.Qc1 Be6
44.Rc7 f4 45.Rxb7 g5 46.Rxa7 g4 47.Qc7 Qxc7 48.Rxc7 Rf6 49.Rg7+  1-0

[Event "1st FIDE GP London 2012"]
[Site "London ENG"]
[Date "2012.09.22"]
[Round "2"]
[White "Kasimdzhanov,R"]
[Black "Nakamura,Hi"]
[Result "0-1"]
[WhiteElo "2684"]
[BlackElo "2783"]

1.d4 Nf6 2.c4 g6 3.Nc3 Bg7 4.e4 d6 5.Nf3 O-O 6.Be2 e5 7.O-O Nc6 8.d5 Ne7
9.Ne1 Nd7 10.Be3 f5 11.f3 f4 12.Bf2 g5 13.Rc1 Ng6 14.Nb5 b6 15.b4 a6 16.Nc3 Rf7
17.Nd3 h5 18.c5 bxc5 19.bxc5 Bf8 20.cxd6 Bxd6 21.Na4 Nf6 22.Ndc5 Rg7 23.Ne6 Bxe6
24.dxe6 Qe7 25.Nc5 Kh8 26.Nb7 Ba3 27.Rc3 Bb4 28.Rd3 Qxe6 29.Qb3 Qxb3 30.Rxb3 a5
31.Rc1 g4 32.Kf1 g3 33.hxg3 fxg3 34.Bxg3 h4 35.Bf2 Nh5 36.f4 Nhxf4 37.Bg4 Rf8
38.a3 Bd6 39.Nxa5 Ne7 40.Bf3 h3 41.gxh3 Nxh3 42.Ke2 Ng5 43.Nc4 Ng6 44.Rh1+ Kg8
45.Nd2 Nf4+ 46.Kd1 Ra8 47.Nc4 Ra4 48.Nxd6 cxd6 49.Rh6 Rf7 50.Rxd6 Nfh3 51.Ke2 Rc4
52.Bb6 Rc2+ 53.Kd1 Rh2 54.Be2 Nxe4 55.Rd8+ Kg7 56.Re3 Nhg5 57.a4 Rf6 58.Rd7+ Kg6
59.a5 Rc6 60.Bd3 Rd2+  0-1

[Event "1st FIDE GP London 2012"]
[Site "London ENG"]
[Date "2012.09.23"]
[Round "3"]
[White "Nakamura,Hi"]
[Black "Leko,P"]
[Result "1/2-1/2"]
[WhiteElo "2783"]
[BlackElo "2737"]

1.Nf3 Nf6 2.g3 g6 3.Bg2 Bg7 4.O-O O-O 5.c4 c6 6.b3 Ne4 7.d4 d5 8.Bb2 Bf5
9.Nbd2 Nd7 10.Nh4 Nxd2 11.Qxd2 Be6 12.e4 dxe4 13.Bxe4 Bh3 14.Rfe1 Qc7 15.Nf3 Nf6
16.Bc2 Rad8 17.Qe3 Rfe8 18.Bc3 Qc8 19.Rad1 Bf5 20.Bxf5 Qxf5 21.Kg2 Qc8 22.h3 Qc7
23.Qe5 Nd5 24.Qxc7 Nxc7 25.Ba5 Rd7 26.Ne5 Bxe5 27.dxe5 Red8 28.Rxd7 Rxd7
29.Bxc7 Rxc7 30.Rd1 c5 31.g4 a6 32.Kf3 Kg7 33.Ke4 f6 34.Rd8 Kf7 35.Rh8 Kg7
36.Rd8 Kf7 37.Rh8 Kg7 38.Rb8 Kf7 39.Kd5 fxe5 40.Kxe5 b5 41.Kd5 bxc4 42.Kxc4 Rd7
43.Ra8 Rd2 44.Rxa6 Rc2+ 45.Kb5 h5 46.gxh5 gxh5 47.h4 Rxf2 48.a4 Rb2 49.Kc4 e5
50.Rh6 e4 51.Rxh5 Rc2+ 52.Kd5 Rc3 53.Rh7+ Kf6 54.Kxe4 Rxb3 55.Kd5 Ra3 56.Ra7 Rh3
57.Rh7 Ra3 58.Ra7 Rh3 59.a5 Rxh4 60.Kxc5 Rh1 61.Rb7 Ke6 62.Rg7 Rc1+ 63.Kb6 Kd6
64.Kb7 Rb1+ 65.Kc8 Rh1 66.Rg6+ Kc5 67.Kb7 Kb5 68.Rg5+ Kb4 69.a6 Rh7+ 70.Kb6 Rh6+
71.Kb7 Rh7+ 72.Kb6 Rh6+ 73.Kb7 Rh7+  1/2-1/2

[Event "1st FIDE GP London 2012"]
[Site "London ENG"]
[Date "2012.09.24"]
[Round "4"]
[White "Nakamura,Hi"]
[Black "Topalov,V"]
[Result "1/2-1/2"]
[WhiteElo "2783"]
[BlackElo "2752"]

1.e4 c5 2.c3 e6 3.Nf3 d5 4.exd5 exd5 5.d4 Nc6 6.Bb5 Bd6 7.Be3 c4 8.b3 cxb3
9.axb3 Ne7 10.O-O O-O 11.Re1 a6 12.Nbd2 Bf5 13.Bf1 Rc8 14.Nh4 Be6 15.Bd3 Ng6
16.Nxg6 fxg6 17.Nf1 Qf6 18.f3 Bf5 19.Bf2 Ne7 20.Rc1 Bxd3 21.Qxd3 Nf5 22.c4 Bf4
23.Rc2 Qf7 24.c5 Ne7 25.b4 Nc6 26.Qb3 Rfe8 27.Rd1 Re7 28.b5 axb5 29.Qxb5 Rce8
30.Ra2 h5 31.Rda1 Kh7 32.Ra8 Rxa8 33.Rxa8 Bg5 34.Ra2 Qf4 35.Rd2 Bf6 36.Qd3 Qf5
37.Qxf5 gxf5 38.Ng3 g6 39.Ne2 h4 40.Nc3 Rd7 41.Na4 g5 42.Nb6 Rd8 43.h3 Kg6
44.Kf1 g4 45.fxg4 fxg4 46.hxg4 Kg5 47.Rd3 Kxg4 48.Kg1 Ne7 49.Ra3 Nc6 50.Rd3 Ne7
51.Ra3 Nc6 52.Rd3  1/2-1/2

[Event "1st FIDE GP London 2012"]
[Site "London ENG"]
[Date "2012.09.25"]
[Round "5"]
[White "Dominguez Perez,L"]
[Black "Nakamura,Hi"]
[Result "1/2-1/2"]
[WhiteElo "2725"]
[BlackElo "2783"]

1.e4 e5 2.Nf3 Nc6 3.Bb5 Nge7 4.Nc3 d6 5.d4 a6 6.Bc4 b5 7.Be2 exd4 8.Nd5 Ne5
9.Qxd4 c5 10.Qd1 Nxd5 11.Qxd5 Be6 12.Qd1 Be7 13.O-O O-O 14.c3 Qb6 15.Ng5 Bc8
16.Qc2 Bb7 17.Rd1 Rad8 18.Nf3 Ng6 19.a4 Bc6 20.axb5 axb5 21.Be3 Rfe8 22.Nd2 Bf8
23.c4 b4 24.Bf1 Be7 25.f3 Nf8 26.Nb3 Ne6 27.Nc1 Bf6 28.Ne2 Be5 29.Qd2 Ra8
30.g3 Ba4 31.Rdc1 g6 32.Bg2 Bg7 33.Bh3 Qc7 34.Rab1 Bb3 35.Bf1 Qe7 36.Nf4 Nd4
37.Kg2 Qf6 38.Be2 Ba2 39.Nd5 Qd8 40.Bxd4 Bxd4 41.Ra1 b3 42.Re1 Qa5 43.Rad1 Bg7
44.Qxa5 Rxa5 45.Rd2 Ra7 46.Bd3 f5 47.Rde2 fxe4 48.Bxe4 Kf8 49.h4 Bd4 50.g4 Kg7
51.g5 Rf7 52.Kg3 Rff8 53.Kg4 Re5 54.Rh1 h6 55.Rhe1 Rfe8 56.Nc7 Rf8 57.Nd5 Rf7
58.Rd2 Re8 59.Ree2 Ref8 60.f4 Rh8 61.Kg3 Ra7 62.Kg2 Re8 63.Bd3 Rxe2+ 64.Rxe2 hxg5
65.hxg5 Kf7 66.Kf3 Bg7 67.Kg4 Rb7 68.Rh2 Rb8 69.Re2 Rb7 70.Rh2 Rb8 71.Nf6 Rh8
72.Rxh8 Bxh8 73.f5 gxf5+ 74.Kxf5 Bg7 75.Be4 Bh8 76.Bd5+ Ke7 77.Be4 Kf7 78.Kf4 Bxf6
79.gxf6 Kxf6 80.Bd3 Ke6 81.Ke4 d5+ 82.cxd5+ Kd6 83.Bc4 Bb1+ 84.Ke3 Bc2 85.Kd2 Be4
86.Bxb3 Bxd5 87.Bxd5 Kxd5 88.Kc3 c4 89.b3 cxb3 90.Kxb3  1/2-1/2

[Event "1st FIDE GP London 2012"]
[Site "London ENG"]
[Date "2012.09.28"]
[Round "7"]
[White "Mamedyarov,S"]
[Black "Nakamura,Hi"]
[Result "1-0"]
[WhiteElo "2729"]
[BlackElo "2783"]

1.d4 Nf6 2.c4 g6 3.Nf3 Bg7 4.g3 O-O 5.Bg2 d6 6.O-O Nbd7 7.Nc3 e5 8.e4 exd4
9.Nxd4 Re8 10.h3 Nc5 11.Re1 h6 12.Kh2 Bd7 13.Rb1 a6 14.a3 Qc8 15.f4 Rb8 16.b4 Ne6
17.Nf3 c5 18.e5 dxe5 19.Nxe5 cxb4 20.axb4 Nf8 21.Bb2 Be6 22.Nd5 Qd8 23.Qb3 h5
24.Rbd1 Bxd5 25.cxd5 h4 26.d6 hxg3+ 27.Qxg3 Nh5 28.Qg4 f5 29.Qf3 Qh4 30.d7 Red8
31.Rf1 Kh7 32.Qe3 Qe7 33.Qc5 Qxc5 34.bxc5 Ne6 35.Ba3 Nhxf4 36.Nf7 Rf8 37.Rxf4 Rxf7
38.Rh4+ Kg8 39.Bd5 Nd8 40.Re1 Bf6 41.Re8+ Kg7 42.Rhh8 Be5+ 43.Rxe5  1-0

[Event "1st FIDE GP London 2012"]
[Site "London ENG"]
[Date "2012.10.01"]
[Round "9"]
[White "Adams,Mi"]
[Black "Nakamura,Hi"]
[Result "1-0"]
[WhiteElo "2722"]
[BlackElo "2783"]

1.e4 c6 2.d4 d5 3.Nd2 dxe4 4.Nxe4 Bf5 5.Ng3 Bg6 6.h4 h6 7.Nf3 Nd7 8.h5 Bh7
9.Bd3 Bxd3 10.Qxd3 e6 11.Bd2 Ngf6 12.O-O-O Qc7 13.Ne4 Be7 14.Kb1 Rd8 15.Nxf6+ Nxf6
16.Qe2 c5 17.dxc5 Qxc5 18.Ne5 Rd4 19.f4 O-O 20.c3 Ra4 21.c4 Bd6 22.Bc3 Bxe5
23.fxe5 Nh7 24.b3 Ra6 25.Rd7 Ng5 26.Rhd1 Rb8 27.Rd8+ Rxd8 28.Rxd8+ Kh7 29.Qc2+ g6
30.Rd7 Kg8 31.hxg6 Kg7 32.gxf7 Nxf7 33.Qe2 Kg8 34.Qf3 Qf8 35.Rxb7 Qg7 36.Kb2  1-0

[Event "1st FIDE GP London 2012"]
[Site "London ENG"]
[Date "2012.10.03"]
[Round "11"]
[White "Grischuk,A"]
[Black "Nakamura,Hi"]
[Result "1/2-1/2"]
[WhiteElo "2754"]
[BlackElo "2783"]

1.e4 c5 2.Nf3 d6 3.d4 cxd4 4.Nxd4 Nf6 5.Nc3 g6 6.Be3 Bg7 7.f3 O-O 8.Qd2 Nc6
9.Bc4 Nxd4 10.Bxd4 Be6 11.Bb3 Qa5 12.O-O-O Rfc8 13.Kb1 b5 14.Rhe1 Bxb3 15.cxb3 Rab8
16.Rc1 a6 17.g4 Rc6 18.h4 Rbc8 19.a3 b4 20.Na2 Rxc1+ 21.Rxc1 Rxc1+ 22.Nxc1 h5
23.g5 Nd7 24.Bxg7 Kxg7 25.Nd3 Ne5 26.Nxb4 Nxf3 27.Qc3+ Ne5 28.Qc8 Nf3 29.Qc3+ Ne5
30.Qc8 Nf3 31.Qc3+ Ne5  1/2-1/2

[Event "28th European Club Cup"]
[Site "Eilat ISR"]
[Date "2012.10.11"]
[Round "1.3"]
[White "Andreikin,D"]
[Black "Nakamura,Hi"]
[Result "1-0"]
[WhiteElo "2718"]
[BlackElo "2786"]

1.d4 Nf6 2.c4 g6 3.Nc3 Bg7 4.e4 d6 5.Nf3 O-O 6.h3 e5 7.d5 Na6 8.Be3 Nc5 9.Nd2 a5
10.Be2 Bd7 11.g4 a4 12.g5 Ne8 13.h4 a3 14.b4 Na6 15.b5 Nc5 16.Nb3 b6 17.h5 Qe7
18.Kd2 f5 19.gxf6 Rxf6 20.hxg6 Rxg6 21.Bh5 Rf6 22.Kc2 Na4 23.Qg1 Nxc3 24.Kxc3 Rf4
25.Qh2 Nf6 26.f3 Be8 27.Bxe8 Rxf3 28.Qe2 Nxe4+ 29.Kc2 Qxe8 30.Qxf3 Qg6 31.Qh5 Ra4
32.Qxg6 hxg6 33.Nd2  1-0

[Event "28th European Club Cup"]
[Site "Eilat ISR"]
[Date "2012.10.12"]
[Round "2.8"]
[White "Karttunen,M"]
[Black "Nakamura,Hi"]
[Result "0-1"]
[WhiteElo "2445"]
[BlackElo "2786"]

1.d4 Nf6 2.c4 e6 3.Nf3 d5 4.Nc3 dxc4 5.e3 a6 6.a4 b6 7.Bxc4 Bb7 8.O-O Bb4
9.Bd2 O-O 10.Ne4 Be7 11.Nxf6+ Bxf6 12.Bc3 Nd7 13.Rc1 Qe7 14.Qe2 c5 15.Rfd1 cxd4
16.exd4 Qd6 17.Qe3 Rac8 18.Bb3 Rfd8 19.Nd2 b5 20.axb5 axb5 21.Ne4 Bxe4 22.Qxe4 b4
23.Be1 Rxc1 24.Rxc1 Bxd4 25.Qh4 Nf6 26.Rd1 h6 27.Qh3 Qb6 28.Kf1 Nd7 29.Bc4 Ne5
30.Be2 Nc6 31.Qb3 Rb8 32.Bd3 Bf6 33.Bb1 Qb5+ 34.Bd3 Qe5 35.Qc4 Ne7 36.Bxb4 Nd5
37.Ba3 Qxh2 38.Qe4 g6 39.g3 Be7 40.Rd2 Bxa3 41.bxa3 Rb3 42.a4 Rb4 43.Qe5 Rxa4
44.Rc2 Qh1+ 45.Ke2 Qh5+ 46.Qxh5 gxh5 47.Bc4 Ne7 48.Rc1 Kg7 49.Kf1 Ng6 50.Kg2 h4
51.Rc3 hxg3 52.fxg3 Ne5 53.Bb3 Ra3 54.Kh3 Nc6  0-1

[Event "28th European Club Cup"]
[Site "Eilat ISR"]
[Date "2012.10.13"]
[Round "3.15"]
[White "Nakamura,Hi"]
[Black "Popilski,G"]
[Result "1/2-1/2"]
[WhiteElo "2786"]
[BlackElo "2475"]

1.e4 c5 2.Nf3 d6 3.d4 cxd4 4.Nxd4 Nf6 5.Nc3 a6 6.g3 e5 7.Nde2 Be7 8.Bg2 O-O
9.O-O b5 10.Nd5 Nxd5 11.Qxd5 Ra7 12.Be3 Be6 13.Qd2 Rb7 14.Nc3 Nd7 15.Nd5 Bxd5
16.Qxd5 Qc7 17.c3 Nb6 18.Qd3 Qc4 19.Qc2 Qc6 20.Rfd1 Bd8 21.Rd3 Nc4 22.Bc1 Nb6
23.b3 Nd7 24.Qd2 Be7 25.Ba3 Rd8 26.Rd1 Nf6 27.Bb4 h6 28.Ba5 Rdb8 29.Qe3 Ne8
30.f4 Nf6 31.Bf3 Rd7 32.Kg2 Re8 33.Qe2 Bd8 34.Bb4 Bc7 35.f5 Qb6 36.Kh1 d5
37.Bg2 a5 38.Ba3 b4 39.cxb4 axb4 40.Bc1 Qb5 41.exd5 e4 42.R3d2 Rxd5 43.Qxb5 Rxb5
44.Rc2 Bb6 45.Rd6 Rc5 46.Rxc5 Bxc5 47.Rc6 Ba7 48.Bf1 Re5 49.Bc4 Rxf5 50.Rc7 Ra5
51.Bxh6 Kh7 52.Bg5 Ng4 53.h3 Ne5 54.Bf4 Nf3 55.Bd5 Rxd5 56.Rxa7 g5 57.Be3 Rd3
58.Bf2 Kg6 59.Kg2 Rd2 60.g4 Nd4 61.Kf1 Rd1+ 62.Kg2 Rd2 63.Kf1 Rd1+ 64.Kg2 Rd2
65.Kf1  1/2-1/2

[Event "28th European Club Cup"]
[Site "Eilat ISR"]
[Date "2012.10.14"]
[Round "4.17"]
[White "Leer Salvesen,B"]
[Black "Nakamura,Hi"]
[Result "0-1"]
[WhiteElo "2370"]
[BlackElo "2786"]

1.c4 e6 2.g3 d5 3.Bg2 Nf6 4.Nf3 c6 5.O-O dxc4 6.a4 Qd5 7.Qc2 e5 8.Ng5 Qc5
9.Na3 h6 10.Ne4 Nxe4 11.Qxe4 Be6 12.Nb5 Na6 13.b4 Qd5 14.Qe3 Qd7 15.Na3 Bxb4
16.Qxe5 O-O 17.Bb2 f6 18.Qe4 Nc5 19.Qh4 Qxd2 20.Nxc4 Qxe2 21.Ne3 a5 22.Bd4 Nb3
23.Rad1 Nd2 24.Rfe1 Nf3+ 25.Bxf3 Qxf3  0-1

[Event "28th European Club Cup"]
[Site "Eilat ISR"]
[Date "2012.10.16"]
[Round "6.10"]
[White "Nakamura,Hi"]
[Black "Williams,Si1"]
[Result "1-0"]
[WhiteElo "2786"]
[BlackElo "2496"]

1.d4 e6 2.e4 d5 3.exd5 exd5 4.Nf3 c6 5.Bd3 Bd6 6.O-O Ne7 7.c4 O-O 8.h3 dxc4
9.Bxc4 Nd7 10.Nc3 Nb6 11.Bb3 h6 12.Re1 Bf5 13.Ne5 Bxe5 14.Rxe5 Qd7 15.Qf3 Be6
16.Qe4 Nbd5 17.Nxd5 Nxd5 18.Bc2 f5 19.Qe2 Rf6 20.Bd2 Nb6 21.Re1 Bc4 22.Qe3 Qf7
23.b3 Bd5 24.Re7 Qg6 25.f3 Rf7 26.Rxf7 Qxf7 27.Qe5 a5 28.Qxf5 Qxf5 29.Bxf5 Kf7
30.h4 a4 31.h5 axb3 32.axb3 Kf6 33.Bd3 Bxb3 34.Bf4 Bc4 35.Bg6 Nd7 36.Bg3 Kg5
37.Re4  1-0

[Event "28th European Club Cup"]
[Site "Eilat ISR"]
[Date "2012.10.17"]
[Round "7.9"]
[White "Raznikov,D"]
[Black "Nakamura,Hi"]
[Result "1/2-1/2"]
[WhiteElo "2465"]
[BlackElo "2786"]

1.d4 g6 2.Nf3 f5 3.g3 Nf6 4.Bg2 Bg7 5.O-O O-O 6.b3 d6 7.Bb2 c6 8.Nbd2 Qc7
9.Qe1 a5 10.e4 fxe4 11.Nxe4 a4 12.Nxf6+ Bxf6 13.Qd2 Qa5 14.Qxa5 Rxa5 15.b4 Rf5
16.Rae1 Bg7 17.Nd2 R5f7 18.Nc4 b5 19.Ne3 g5 20.c3 h6 21.Re2 d5 22.Bc1 Nd7
23.Ng4 h5 24.Ne5 Nxe5 25.dxe5 g4 26.Bg5 Be6 27.Rfe1 Kh7 28.Be3 Bf5 29.e6 Rf6
30.Bd4 Rg6 31.a3 h4 32.Re3 Bh6 33.R3e2 h3 34.Bf1 Be4 35.Rxe4 dxe4 36.Rxe4 Bg7
37.Bd3 Kh8 38.f4 Rd8 39.Kf2 Rd6 40.f5 Rg5 41.Rf4 Bxd4+ 42.cxd4 Kg7 43.Be2 Kf6
44.Bxg4 Rd8 45.Ke3 Rdg8 46.Bf3 Rxf5 47.Bxc6 Rxf4 48.Kxf4 Kxe6 49.Bxb5 Kd5
50.Bxa4 Ra8 51.Bd7 Rxa3 52.Bxh3 Ra2 53.Bg4 Rxh2 54.Ke3 Rb2 55.Bf3+ Ke6 56.Be4 Rxb4
57.Bf3 Kf5 58.g4+ Kf6 59.Be2 Kg5 60.Ke4 Rb6 61.Ke3 Rf6 62.Ke4 Rc6 63.Ke3 Rc1
64.Kf3 Rc3+ 65.Ke4 Ra3 66.Bf3 Ra4 67.Be2 Ra1 68.Ke3 Kh4 69.Kf4 Ra2 70.Bf3 Ra6
71.g5 Ra5 72.g6 Rg5 73.Be4 Kh5 74.Bf5 Rg1 75.Ke5 Re1+ 76.Be4 Kh6 77.Kf5 Kg7
78.Ke5 Ra1 79.Ke6 Kf8 80.Ke5 Re1 81.Kf5 Ke8 82.Bd5 Rf1+ 83.Ke5 Rg1 84.Be4 Re1
85.Kf5 Kd8 86.Bd5 Rg1 87.Be4 Kd7 88.Ke5 Re1 89.Kd5 Ra1 90.Ke5 Ke8 91.Ke6 Kf8
92.Ke5 Ra4 93.Bf5 Ra5+ 94.Ke6 Rb5 95.Be4 Rb2 96.Ke5 Re2 97.Kf5 e6+ 98.Ke5 Ke7
99.d5 exd5 100.Kxd5 Kf6 101.Kd4 Ra2 102.Bd3 Ra4+ 103.Kd5 Ra8 104.Kd4 Rd8+
105.Kc3 Rd7 106.Kc4 Ke5 107.Kc3 Rc7+ 108.Kb2 Kd4 109.Bf5 Re7 110.Kb3 Re2
111.Bc2 Rf2 112.Kb2 Rd2 113.Kb3 Rg2 114.Bf5 Rg5 115.Bc2 Rg3+ 116.Kb4 Rg2
117.Kb3 Rg1 118.Kb4 Ke5 119.Kc3 Kf6 120.Kd4 Kg7 121.Be4 Rg5 122.Bd3 Rh5 123.Be4 Rg5
124.Bd3 Rh5 125.Be4 Rh4 126.Ke5 Rxe4+ 127.Kxe4 Kxg6  1/2-1/2

[Event "16th Unive Crown"]
[Site "Hoogeveen NED"]
[Date "2012.10.26"]
[Round "5"]
[White "Hou Yifan"]
[Black "Nakamura,Hi"]
[Result "1/2-1/2"]
[WhiteElo "2623"]
[BlackElo "2775"]

1.e4 c5 2.Nf3 d6 3.d4 cxd4 4.Qxd4 e5 5.Qd1 h6 6.Bc4 Nf6 7.Nc3 Be6 8.Bb3 Be7
9.O-O O-O 10.Be3 Nc6 11.Qe2 Na5 12.Rfd1 Qc7 13.Nd5 Nxd5 14.Bxd5 Nc4 15.c3 Rac8
16.Rac1 a6 17.b3 Nxe3 18.Qxe3 Bd7 19.Rc2 Kh7 20.Nd2 g6 21.Qa7 Rb8 22.Nc4 f5
23.Qb6 Rfc8 24.Qxc7 Rxc7 25.Nb6 Bc6 26.f3 Bg5 27.Nc4 b5 28.Bxc6 bxc4 29.Bd5 cxb3
30.axb3 Rb6 31.Kf2 a5 32.Ra1 Rc5 33.Ke2 Kg7 34.Kd3 Rb8 35.Ra4 Bd8 36.b4 axb4
37.cxb4 Rxc2 38.Kxc2 Bb6 39.Kb3 Kf6 40.Kc4 Ke7 41.h3 Kd7 42.Bf7 fxe4 43.fxe4 Ke7
44.Bd5 Kd7 45.Ra3 Rf8 46.Ra6 Kc7 47.Ra2 g5 48.Rc2 Rf2 49.Rxf2 Bxf2 50.g4 Be1
51.Be6 d5+ 52.exd5 e4 53.Kd4 Bxb4 54.Kxe4 Kd6 55.Kf5 Ba5 56.Kg6 Bd8 57.Kxh6 Ke5
58.Kg6 Be7 59.Kf7 Bb4 60.Ke8 Kd6 61.Bg8 Bd2 62.Kf8 Ba5 63.Kg7 Ke5 64.Kg6 Bd8
65.Kg7 Be7 66.Kf7 Bb4 67.Kg6 Be7 68.Be6 Bd8 69.Kf7 Kd6 70.Ke8 Ba5 71.Kf7  1/2-1/2

[Event "4th London Chess Classic"]
[Site "London ENG"]
[Date "2012.12.02"]
[Round "2.2"]
[White "Nakamura,Hi"]
[Black "Kramnik,V"]
[Result "0-1"]
[WhiteElo "2760"]
[BlackElo "2795"]

1.e4 e5 2.Nf3 Nc6 3.d4 exd4 4.Nxd4 Nf6 5.Nxc6 bxc6 6.Qe2 d6 7.g3 Be7 8.Bg2 O-O
9.O-O Re8 10.c4 Nd7 11.Be3 Bf6 12.Qc2 Ne5 13.Nd2 Ng4 14.Rae1 Rb8 15.b3 Nxe3
16.Rxe3 c5 17.h3 a5 18.Kh2 a4 19.f4 Bd4 20.Re2 g6 21.Nf3 axb3 22.axb3 Bg7
23.Rd1 Rb6 24.e5 Bb7 25.Rdd2 Qa8 26.exd6 Rxe2 27.Rxe2 Rxd6 28.Ne5 Bxg2 29.Rxg2 Bxe5
30.fxe5 Re6 31.Re2 Qf3 32.Qd2 Qxb3 33.Qd8+ Kg7 34.Qxc7 Qf3 35.Rg2 Qe3 36.Qa7 h5
37.h4 Rxe5 38.Qa1 Kh7 39.Qb2 Rf5 40.Re2 Qf3 41.Qc2 Qf1 42.Qd2 Rf6 43.Qc2 Rf3
44.Qb2 Rf5 45.Qc2 Rf6 46.Rd2 Kg7 47.Qc3 Kh7 48.Qc2 Qa1 49.Rf2 Kg7 50.Rxf6 Qxf6
51.Qe2 Qd4 52.Kg2 Kf8 53.Kh2 Qg4 54.Qd3 Ke7 55.Qe3+ Kd6 56.Qd3+ Qd4 57.Qe2 Qe5
58.Qd3+ Ke6 59.Kg2 g5 60.hxg5 Qxg5 61.Qe4+ Qe5 62.Qc6+ Ke7 63.Qb7+ Kf8 64.Qa8+ Kg7
65.Qf3 Kg6 66.Qd3+ Qf5 67.Qd6+ f6 68.Qe7 Qc2+ 69.Kh3 Qxc4 70.Qe8+ Qf7 71.Qe4+ Kg7
72.Qf5 c4 73.Kg2 Qb7+ 74.Kh2 Qb2+ 75.Kh3 Qe5 76.Qc8 c3 77.Qc4 Qe1 78.Qc7+ Kg6
79.Qc6 Qf1+ 80.Kh4 Qe2 81.Kh3 c2 82.g4 Qe3+ 83.Kh4 Qg5+ 84.Kg3 Qxg4+ 85.Kf2 Qf4+
86.Kg2 c1=Q 87.Qe8+ Kg5  0-1

[Event "4th London Chess Classic"]
[Site "London ENG"]
[Date "2012.12.03"]
[Round "3.3"]
[White "Jones,G"]
[Black "Nakamura,Hi"]
[Result "1/2-1/2"]
[WhiteElo "2644"]
[BlackElo "2760"]

1.d4 Nf6 2.c4 g6 3.Nc3 d5 4.Nf3 Bg7 5.Qb3 dxc4 6.Qxc4 O-O 7.e4 Na6 8.Be2 c5
9.d5 e6 10.O-O exd5 11.exd5 Re8 12.Rd1 Qb6 13.d6 Be6 14.Qh4 Qb4 15.Bg5 Nd7
16.Be7 Qxh4 17.Bxh4 Nb4 18.Rd2 a6 19.Ng5 Nd5 20.Rxd5 Bxd5 21.Nxd5 Rxe2 22.Ne7+ Rxe7
23.dxe7 Re8 24.Ne4 f6 25.Re1 Rxe7 26.Nxf6+ Bxf6 27.Rxe7 Bxe7 28.Bxe7 Kf7
29.Bg5 Ne5 30.Kf1 Nd3 31.b3 Nb4 32.a4 Ke6 33.Ke2 Kd5 34.Kd2 c4 35.Kc3 cxb3
36.Kxb3 Nd3 37.Be3 Ne1 38.g3 b5 39.axb5 axb5 40.Bb6 Kc6 41.Ba7 Nf3 42.h4 Ne5
43.Kb4 Ng4 44.Bc5 Nf6 45.Bd4 Nd5+ 46.Ka5 Nc7 47.Kb4 Na6+ 48.Ka5 Nc5 49.Kb4 Nd3+
50.Kc3 Ne1 51.Ba7 Nf3 52.Kb3 h6 53.Be3 h5 54.Ba7 Ne5 55.Kb4 Ng4 56.Bc5 Kd5
57.Kxb5 Ke4 58.Kc6 Kf3 59.Kd5 Nxf2 60.Ke6 Ne4 61.Be7 Kg4 62.Bd8 Nxg3 63.Kf7 Kf5
64.Kg7 Ne4 65.Kh6 Nc5 66.Bg5 Ne6 67.Be7 Nd4 68.Bg5 Nc6 69.Kg7 Nd4 70.Kh6 Nf3
71.Bd8 Ne5 72.Kg7 Nf3 73.Kh6 Kg4 74.Kxg6 Nxh4+ 75.Kh6 Nf3 76.Bf6 Nd2 77.Kg6 Nc4
78.Kh6 Nd6 79.Kg6 h4 80.Bxh4 Kxh4  1/2-1/2

[Event "4th London Chess Classic"]
[Site "London ENG"]
[Date "2012.12.04"]
[Round "4.4"]
[White "Nakamura,Hi"]
[Black "Adams,Mi"]
[Result "1/2-1/2"]
[WhiteElo "2760"]
[BlackElo "2710"]

1.d4 Nf6 2.c4 e6 3.Nf3 d5 4.Nc3 Be7 5.cxd5 exd5 6.Qc2 c6 7.Bf4 g6 8.Ne5 Bf5
9.Qd2 Ne4 10.Nxe4 Bxe4 11.f3 Bf5 12.e4 Be6 13.Be2 Nd7 14.Nd3 O-O 15.Be3 dxe4
16.fxe4 Nb6 17.b3 f5 18.Nf4 Qd7 19.d5 cxd5 20.e5 Bg5 21.Rd1 d4 22.Qxd4 Qxd4
23.Rxd4 Bxf4 24.Bxf4 Rad8 25.Rd6 Kf7 26.Kf2 Nd5 27.Bg5 Rxd6 28.exd6 h6 29.Bxh6 Rd8
30.Bf3 Rxd6 31.Rd1 Rd7 32.Kg3 b6 33.a3 Nc3 34.Rxd7+ Bxd7 35.Bf4 Be6 36.Bb8 Bxb3
37.Bxa7 Nb5 38.Bxb6 Nxa3 39.Kf4 Be6 40.Bc6 Nc4 41.Bd4 Nd6 42.h4 Nc4 43.Bf3 Nd2
44.Bc6 Nc4 45.Bc3 Ke7 46.Bf3 Kf7 47.Bd1 Bd5 48.g3 Be6 49.h5 gxh5 50.Bxh5+ Ke7
51.Kg5 Ne3 52.Bb4+ Kd7 53.Be2 f4 54.Bb5+ Kc8 55.Kxf4 Nd5+ 56.Ke5 Nxb4 57.Kxe6 Nc2
58.Bd7+ Kd8 59.g4 Nd4+ 60.Kd6 Nf3 61.Bc6 Ng5 62.Ba4 Ne4+ 63.Ke6 Nc5+ 64.Kf7 Nxa4
65.g5 Nb6 66.g6 Nd5 67.g7 Ne7 68.g8=R+ Nxg8 69.Kxg8  1/2-1/2

[Event "4th London Chess Classic"]
[Site "London ENG"]
[Date "2012.12.06"]
[Round "5.3"]
[White "Polgar,Ju"]
[Black "Nakamura,Hi"]
[Result "0-1"]
[WhiteElo "2705"]
[BlackElo "2760"]

1.e4 e5 2.Nf3 Nc6 3.Bb5 a6 4.Ba4 Nf6 5.O-O b5 6.Bb3 Bc5 7.a4 Rb8 8.axb5 axb5
9.Nxe5 Nxe5 10.d4 Bxd4 11.Qxd4 d6 12.f4 Nc6 13.Qc3 Ne7 14.Nd2 O-O 15.e5 Nfd5
16.Bxd5 Nxd5 17.Qd4 Bb7 18.Ne4 f5 19.Ng5 Qd7 20.Nf3 Ra8 21.Bd2 c5 22.Qd3 c4
23.Qd4 dxe5 24.Nxe5 Qc7 25.Rfd1 h6 26.Be1 Rfe8 27.Bd2 Red8 28.Rxa8 Rxa8 29.h3 Ra2
30.Rb1 Nf6 31.Bb4 Be4 32.Re1 Bxc2 33.g4 Qa7 34.Qxa7 Rxa7 35.Nc6 Ra6 36.Ne7+ Kf7
37.g5 hxg5 38.fxg5 Ne4 39.Nxf5 Nxg5 40.Re7+ Kg6 41.Nd4 Bd3 42.Rb7 Nxh3+ 43.Kh2 Ng5
44.Nxb5 Rf6 45.Bc5 Rf4 46.Nc3 Rg4 47.Nd1 Bf1  0-1

[Event "4th London Chess Classic"]
[Site "London ENG"]
[Date "2012.12.08"]
[Round "7.1"]
[White "Nakamura,Hi"]
[Black "Carlsen,M"]
[Result "1/2-1/2"]
[WhiteElo "2760"]
[BlackElo "2848"]

1.e4 c5 2.Nf3 Nc6 3.c3 Nf6 4.e5 Nd5 5.Bc4 e6 6.d4 cxd4 7.cxd4 d6 8.O-O Be7
9.Qe2 O-O 10.Rd1 Qc7 11.a3 Rd8 12.b4 a6 13.Bd3 b5 14.h4 dxe5 15.dxe5 Bb7
16.Ra2 Ndxb4 17.axb4 Nxb4 18.Rad2 Rxd3 19.Rxd3 Nxd3 20.Qxd3 Rd8 21.Qe2 Rxd1+
22.Qxd1 Bxf3 23.gxf3 Qxe5 24.Qd7 Bf8 25.Be3 a5 26.Qe8 h6 27.Kg2 a4 28.Na3 b4
29.Nc4 Qc7 30.Nb6 Qe7 31.Qxa4 Qxh4 32.Qa8 Qe7 33.Qc8 b3 34.Nd7 b2 35.Nxf8 Qxf8
36.Qb7 e5 37.Qxb2 f6 38.Qc2 Qf7 39.Qf5 Kh8 40.Bd2 Kg8 41.Kg3 Kh8 42.Be3 Kg8
43.Kh2 Kh8 44.Kg2 Kg8 45.Qd3 Kh8 46.f4 exf4 47.Bxf4 Kg8 48.Qe4 Kh8 49.Be3 Kg8
50.Bd4 Kh8 51.f4 Kg8 52.Kg3 Kh8 53.Be3 Kg8 54.Bd4 Kh8 55.Be3 Kg8 56.Bd4 Kh8  1/2-1/2

[Event "4th London Chess Classic"]
[Site "London ENG"]
[Date "2012.12.10"]
[Round "9.4"]
[White "Nakamura,Hi"]
[Black "McShane,L"]
[Result "1-0"]
[WhiteElo "2760"]
[BlackElo "2713"]

1.d4 d5 2.c4 c6 3.Nf3 Nf6 4.Nc3 a6 5.c5 Nbd7 6.g3 g6 7.Bg2 Bg7 8.O-O O-O
9.Qc2 Re8 10.Rd1 e5 11.dxe5 Nxe5 12.Nxe5 Rxe5 13.e4 Bg4 14.f3 Bd7 15.Bf4 Re8
16.Na4 a5 17.Nb6 Ra6 18.Qf2 Be6 19.Bf1 Rxb6 20.cxb6 Qe7 21.Be3 Nd7 22.Bd4 dxe4
23.fxe4 Bxd4 24.Rxd4 Nxb6 25.b3 Nd7 26.Rad1 Ne5 27.h3 h5 28.Bg2 Kh7 29.Qf4 Bd7
30.Kh2 c5 31.Rd6 a4 32.R1d5 Kg7 33.Qxe5+  1-0

[Event "SportAccord Rapid Men 2012"]
[Site "Beijing CHN"]
[Date "2012.12.14"]
[Round "1.6"]
[White "Bologan,V"]
[Black "Nakamura,Hi"]
[Result "0-1"]
[WhiteElo "2681"]
[BlackElo "2760"]

1.d4 d5 2.c4 dxc4 3.e4 Nf6 4.e5 Nd5 5.Bxc4 Nb6 6.Bd3 Nc6 7.Be3 g6 8.Nc3 Bg7
9.Nf3 Nb4 10.Be4 Bf5 11.Bxf5 gxf5 12.e6 fxe6 13.Ng5 Qd6 14.Nb5 Qc6 15.Nxc7+ Qxc7
16.Nxe6 Qc4 17.Qh5+ Kd7 18.Nc5+ Kd8 19.Qxf5 Qd5 20.Ne6+ Kd7 21.Nxg7+ Qxf5
22.Nxf5 Nc2+ 23.Ke2 Nxa1 24.Rxa1 Rac8 25.Kd3 Nd5 26.Bd2 Rhf8 27.Ne3 Nf4+
28.Ke4 Nxg2 29.Ng4 Rc2 30.Bh6 Rg8 31.h3 Nh4 32.b4 Ng6 33.Kd3 Rgc8 34.Bd2 h5
35.Ne5+ Nxe5+ 36.dxe5 Ke6 37.Rg1 Rxa2 38.Be3 Kd5 39.e6 Ra3+ 40.Ke2 Kxe6 41.Rg5 Rh8
42.Kf3 a6 43.Ke4 Ra4 44.Bc5 Kf7 45.Rf5+ Ke8 46.Re5 Rh7 47.Kf5 b6 48.Bxb6 Rxb4
49.Bc5 Rb5 50.Kg6 Rf7 51.Rxh5 Rf6+ 52.Kg7 a5 53.Rh8+ Kd7 54.Be3 Ra6 55.Rh4 a4
56.Rd4+ Ke8 57.h4 a3 58.Rd1 a2 59.Ra1 Rb1 60.Bd4 Ra4  0-1